| 000 | 00479nam a2200181Ia 4500 | ||
|---|---|---|---|
| 003 | GCL | ||
| 005 | 20240530100344.0 | ||
| 008 | 140319s9999 xx 000 0 eng d | ||
| 040 |
_aGCL / _cGCL |
||
| 082 | 0 | 4 |
_a770 _bK P |
| 100 | 1 | _aKOLB,GARY | |
| 245 | 1 | 0 |
_aPHOTOGRAPHING IN THE STUDIES / _cKOLB, GARY |
| 260 |
_a[S.N] : _bWCB BROWN & BENCHANARK ، _c1993 |
||
| 300 | _a244 P | ||
| 650 | 0 | 4 | _aSTUDIOS AND DARK ROOME |
| 650 | 0 | 4 | _aPHOTOGRAPHY - LABORATORIES |
| 942 |
_2ddc _cBK |
||
| 999 |
_c16884 _d16884 |
||